Calvin and Hobbes Fill-in-the-Blank #1 Quiz Stats

 Plays Quiz not verified by Sporcle

Challenge
Share
Tweet
Score 0/32 Timer 12:00
0 Plays Today
% Correct
TIGER
87%
MONSTERS
80.4%
LUNCH
78.3%
CUTE
76.1%
STUFF
59.8%
SPIFF
59.8%
TRAIN
59.8%
SHAVES
58.7%
FATE
57.6%
FEED
57.6%
POLLS
53.3%
COOKIE
53.3%
MURDERS
46.7%
SMOOCH
45.7%
MUTANT
44.6%
DISCRIMINATION
38%
% Correct
WHAT
38%
VALENTINE
37%
MOMMY
32.6%
TAIWAN
32.6%
FUZZY
29.3%
LOOT
29.3%
TEARS
29.3%
SPANK
27.2%
INSURANCE
26.1%
EXTORTION
23.9%
RETINAS
23.9%
BARF
21.7%
SQUEALER
18.5%
PITTSBURGH
16.3%
OCCASIONALLY
15.2%
CUISINART
4.3%

You're not logged in!

Compare scores with friends on all Sporcle quizzes.
OR
Log In

You Might Also Like...

Show Comments

Extras

Top Quizzes Today


Score Distribution

Your Account Isn't Verified!

In order to create a playlist on Sporcle, you need to verify the email address you used during registration. Go to your Sporcle Settings to finish the process.

Report this User

Report this user for behavior that violates our Community Guidelines.

Details: